[Event "Moscow Aeroflot op-A 15th"]
[Site "Moscow"]
[Date "2016.03.08"]
[Round "8"]
[White "Fedoseev, Vladimir1"]
[Black "Najer, Evgeniy"]
[Result "0-1"]
[WhiteElo "2664"]
[BlackElo "2664"]
[Annotator "Besenthal,K"]
[PlyCount "76"]
[EventDate "2016.03.01"]
[EventType "swiss"]
[EventRounds "9"]
[EventCountry "RUS"]
[SourceTitle "CBM 171"]
[Source "ChessBase"]
[SourceDate "2016.03.14"]
[SourceVersion "2"]
[SourceVersionDate "2016.03.14"]
[SourceQuality "1"]

1. e4 c6 2. Be2 {Diagramm [#] Ein Zug, der auf solch hohem Niveau noch nie
zuvor gespielt worden war.} d5 3. e5 c5 4. f4 Nc6 5. Nf3 Bg4 6. O-O e6 7. d3
Nh6 8. Be3 Nf5 9. Bf2 Be7 {Diagramm [#] Schwarz hat keinerlei
Eröffnungsprobleme - wirklich empfehlenswert ist die weiße Vorgehensweise
wohl nicht.} 10. Nbd2 h5 11. c3 ({Sofort} 11. c4 {war wohl stärker.}) 11... g6
12. c4 Qd7 13. Rc1 b6 14. cxd5 exd5 15. d4 c4 16. b3 b5 17. bxc4 bxc4 18. Nxc4
{Diagramm [#] Dieses Figurenopfer auf Position dürfte tatsächlich spielbar
sein.} dxc4 19. Rxc4 Nb4 20. Qb3 Nd5 21. Rc5 Nc7 22. e6 $2 {Diagramm [#] Das
funktioniert nicht. Die richtige Vorgehensweise wäre gewesen, d4-d5
durchzusetzen, den Le2 (durch h2-h3) nach f3 zu befördern, die Türme hinter
die Zentrumsbauern zu stellen...} fxe6 23. Ne5 Nxd4 24. Qb2 Nxe2+ 25. Kh1 Bf6
26. Nxd7 Bxb2 27. Rxc7 {Diagramm [#] Stark, wie Nadjer alles abgewickelt hat.
Er hat jetzt schlichtweg eine Mehrfigur.} Rd8 28. Rb7 Bc3 29. Nb8 Rc8 30. Nd7
Rd8 31. Nb8 Rf8 32. h3 Rxf4 33. Nc6 Rd6 34. Re7+ Kf8 35. Rc7 Bf5 36. Kh2 Rc4
37. Rc8+ Kg7 38. Rc7+ Kf6 0-1

[Event "Belgrade Investbank"]
[Site "Belgrade"]
[Date "1991.??.??"]
[Round "?"]
[White "Ljubojevic, Ljubomir"]
[Black "Seirawan, Yasser"]
[Result "1-0"]
[WhiteElo "2600"]
[BlackElo "2615"]
[Annotator "Blatny,P"]
[PlyCount "121"]
[EventDate "1991.11.??"]
[EventType "tourn"]
[EventRounds "11"]
[EventCountry "YUG"]
[EventCategory "15"]
[SourceTitle "CBM 027"]
[Source "ChessBase"]
[SourceDate "1992.04.01"]
[SourceVersion "1"]
[SourceVersionDate "1992.04.01"]
[SourceQuality "1"]

1. e4 c6 2. d3 d5 3. Nd2 e5 4. Ngf3 Bd6 5. Qe2 Qe7 6. d4 exd4 (6... dxe4 $2 7.
Nxe4 Bc7 8. dxe5 Bxe5 $2 9. Nxe5 Qxe5 10. Nd6+ $18) 7. exd5 (7. Nxd4 Nf6 $10)
7... cxd5 8. Nxd4 {קd5} Nc6 9. N2b3 (9. N2f3 Bg4 $10) 9... Nf6 10. Qxe7+ (10.
Bd2 Bd7 (10... Bg4 11. f3 {><e4})) 10... Kxe7 (10... Bxe7 11. Bb5 Bd7 12. Bf4
$14) 11. Bd2 (11. Nxc6+ bxc6 12. Be3 {/\><d4,c5} Bf5 (12... a5 13. a4 {/\קa5})
13. O-O-O a5 $132 (13... Rhc8 14. Ba6 Rc7 15. Rhe1 $36)) 11... Re8 12. O-O-O {
><d4} Ng4 {קf2, Ne5-c4} 13. Re1+ Kf8 14. Rxe8+ Kxe8 15. Bb5 Bd7 (15... Nxf2
16. Re1+ Kd7 17. Rf1 $36) 16. f3 Nge5 17. Bc3 {/^b2-g7} f6 18. Rd1 a6 19. Bf1 {
<->d,e} (19. Bxc6 bxc6 {^^}) 19... Ne7 20. g3 (20. a3 {/\Bb4}) (20. Be1 $6 Nc4
21. Bg3 (21. g3 $2 Ne3) (21. Bf2 Bxh2 22. g3 h5 {/\h4}) 21... Be5 {[+]}) 20...
Rc8 {/\Nc4} 21. Be1 Nc4 22. Bf2 b5 {/\-><<} 23. a3 h5 24. Nd2 Ne5 25. Be2 g6
26. Nf1 Nc4 27. Be1 Be5 28. Bf2 Kf7 29. Nd2 Nf5 (29... Nb6 30. N4b3 {<->d,/
^g1-a7}) (29... Nd6 30. f4 $14) 30. Nxc4 (30. N2b3) 30... dxc4 (30... bxc4 $2
31. Nxf5 Bxf5 32. Rxd5 $18) 31. f4 Bxd4 (31... Bb8 32. Bf3 $16 {/^h1-a8,g1-a7})
32. Bxd4 Bc6 (32... Nxd4 33. Rxd4 Ke6 34. f5+ $1 $16) 33. Bf2 {^^} Re8 34. Re1
(34. Bf1) 34... Nd6 35. Bf1 Rxe1+ (35... Ne4 36. Bg1 {+/=/+/- _|_}) 36. Bxe1
Ne4 37. Kd1 Ke6 38. Ke2 Nd6 (38... f5 39. Ke3 Kd5 {/\^-} 40. Bg2 Bb7 $10) 39.
Bb4 Be4 (39... Ne4 $142) 40. Kd2 Kd5 41. b3 {/\K()} cxb3 $8 42. cxb3 f5 43. Kc3
{/\K[+]} Bf3 (43... Nf7 44. a4 $1) (43... Nb7 44. Bf8 {/\a4} (44. a4 a5 45. Bf8
b4+ 46. Kb2)) 44. Bxd6 {/\K[+]} Kxd6 45. Kd4 {_|_ B:B +-} Bd5 46. b4 {קa6,Pg6}
Bb7 (46... Bf7 47. Bg2 {קa6}) 47. Be2 Be4 (47... Bd5 48. Bd1 {--> main line})
48. Bd1 Bd5 $8 49. h4 Bg8 (49... Bc6 50. Bb3 {קg6} Be8 51. Bd5 $18 {/\קa6,g6}
) 50. Bf3 Bf7 51. Bg2 (51. Bb7 Kc7 52. Bxa6 Kb6 53. Bc8 (53. Bxb5 $5 Kxb5 54.
Ke5 Bc4 (54... Ka4 $2 55. Kf6 Be8 56. Ke7 Bb5 57. Kf7 Kxa3 58. Kxg6 Be8+ (58...
Kxb4 59. Kxh5 Kc5 60. Kg6 $18) 59. Kxf5 Kxb4 60. Kf6 Kc5 61. Ke7 (61. f5 $2 Kd6
62. Kg5 {/\g4 =} (62. Kg7 $2 Ke7 63. f6+ Ke6)) 61... Bg6 (61... Bc6 62. f5 $18)
62. Ke6 $1 Kd4 63. f5 Be8 64. Ke7 $18 Ke5 $8 65. Kxe8 Kxf5 66. Kf7 $18) 55. Kf6
Be2 56. Kxg6 Bg4 57. Kf6 Ka4 58. Ke5 Kb5 59. Kd5 Bf3+ $10) (53. Ke5 $2 Kxa6 54.
Kf6 Be8 55. Ke7 Bc6 56. Kf7 Bf3 57. Kxg6 Bg4 $19) 53... Kc7 $10) 51... Bb3 52.
Bf3 Bf7 53. Bd1 Bd5 54. a4 Bf7 55. Kd3 Bc4+ (55... Kd5 $4 56. Bb3+ $18) 56. Kc3
Bf7 (56... Kd5 57. Bf3+ Kd6 58. Bb7 $18) 57. Kd4 Bd5 (57... Be6 $142 58. Bc2 (
58. a5 Bd5 {Bd1:Bd5,Bd3:Bd7,Bc2:Be6,Be2:Bc6,Bb1:Bc4,Bf1:Be4} 59. Be2 Bc6 60.
Bf1 Be4 61. Be2 Bc6 62. Bd3 Bd7 63. Bc2 Be6 64. Bb1 Bc4 65. Bc2 Be6 66. Bd1 Bd5
$10) 58... Bc4 59. a5 Be6 60. Bb1 Bc4 $10 61. Bc2 Be6 62. Bd3 Bd7 63. Bf1 Bc6
64. Be2 Be4 65. Kc3 Bg2 $10) 58. a5 $18 Bc6 (58... Bg8 59. Bf3 $18) 59. Bb3 Bf3
60. Bf7 Be2 61. Bd5 1-0

[Event "Candidates qf4"]
[Site "Brussels"]
[Date "1991.??.??"]
[Round "1"]
[White "Anand, Viswanathan"]
[Black "Karpov, Anatoly"]
[Result "1/2-1/2"]
[WhiteElo "2650"]
[BlackElo "2730"]
[Annotator "Blatny,P"]
[PlyCount "151"]
[EventDate "1991.08.??"]
[EventType "match"]
[EventRounds "8"]
[EventCountry "BEL"]
[SourceTitle "Candidates"]
[Source "ChessBase"]
[SourceDate "1999.07.01"]
[SourceVersion "2"]
[SourceVersionDate "1999.07.01"]
[SourceQuality "1"]

1. e4 c6 2. d3 d5 3. Nd2 e5 4. Ngf3 Bd6 5. Qe2 (5. Be2 Ne7 6. O-O O-O 7. c3 {
Philidor structure - white}) (5. g3 Ne7 (5... Nf6 6. Bg2 O-O 7. O-O Re8 8. Re1
Nbd7 9. c3 dxe4 10. dxe4 Qc7 11. Qc2 a5 12. Nc4 Bf8 $13 {Ljubojevic-Karpov,
Buenos Aires 1980}) 6. Bg2 O-O 7. O-O Nd7 {/\f5} 8. c4 $5 f5 $6 9. cxd5 cxd5
10. exd5 {/\Nc4}) (5. d4 exd4 6. exd5 cxd5 7. Bb5+ Nc6 8. O-O Nge7 {--> French
Defence pawn structure 3.Nd2}) 5... Qe7 6. d4 exd4 7. exd5 cxd5 8. Nxd4 Nc6 9.
N2b3 {><d4} (9. N2f3 Bd7 10. Bg5 Qxe2+ 11. Bxe2 Nge7 12. O-O-O Rd8 13. Rhe1 f6
14. Be3 Bb8 $10 {Ljubojevic-Karpov, Bilbao 1987}) 9... Nf6 10. Qxe7+ Kxe7 11.
Bd2 Re8 12. O-O-O {+/=/=} a6 13. f3 {><e4} Kf8 14. Bc3 Ne5 $1 {><c4} 15. Kb1 b6
16. Bd3 $5 Nxd3 {^^} 17. Rxd3 Bd7 18. Rdd1 Rac8 19. Nc1 $10 {><d4:^^} Nh5 20.
g3 g6 {/\Nh5-g7-e6} 21. Nd3 {/\Bb4, ><d5} a5 22. Bd2 f6 {/\Kf7} 23. Rhe1 Rxe1
24. Bxe1 {/\Be1-f2-b6} Ng7 25. Bf2 Bc7 26. b4 $6 $15 {><c4} (26. Re1 $10) 26...
Kf7 27. b5 Nf5 $1 28. a4 Ne7 {/\g6-g5,Ne7-g6-e5-c4} 29. Ne2 g5 $8 30. g4 $6 {
/\h2-h4,<->h,><f5} Ng6 (30... Bxh2 $2 31. Rh1 $16) 31. h3 Be6 32. Nd4 Bd7 33.
Rh1 Rh8 34. Rc1 Ne5 $1 $17 {><f3,/\h7-h5 <->h} 35. Nxe5+ fxe5 36. Ne2 h5 37.
Nc3 Be6 38. Rd1 hxg4 39. hxg4 Rd8 (39... Rh2 $2 40. Nxd5 $1 Bxd5 (40... Rxf2
41. Nxc7 Rxf3 42. Rd6 {Pb5-b6-b7-b8Q}) 41. Rxd5 Rxf2 42. Rd7+ $16) 40. Be3 Kg6
41. Bc1 Rd7 42. Bb2 d4 43. Ne4 Rf7 44. Bc1 Bd8 45. Rh1 Rxf3 46. Rh8 Bf6 47.
Nxf6 (47. Rb8 Bd5 48. Nd2 e4 49. Rxb6 Rf2 50. Rd6 e3 51. Rxd5 exd2 (51... exd2
$1 52. Bxd2 Rxd2 53. b6 d3 54. cxd3 Rb2+ 55. Kc1 Rxb6 56. Rxa5 Rb4 $19)) 47...
Rxf6 48. Rd8 $1 $8 (48. Rh5 Rf1 49. Rxg5+ Kf6 50. Rh5 e4 {Pe4-e3-e2-e1Q}) 48...
Bxg4 {-+/-/+} 49. Rg8+ Kf7 50. Rxg5 Bf5 51. Rh5 e4 52. Bb2 Kg6 53. Rh1 Rd6 54.
Rd1 d3 55. cxd3 e3 56. Be5 Re6 57. Bd4 e2 58. Re1 Bxd3+ 59. Kb2 Bf5 $4 (59...
Kf5 $142) 60. Bxb6 $1 Rxb6 61. Rxe2 $10 {/\Re2-e7-a7,Re2-e8-a8,Kb2-c3-d4-c5}
Rd6 {Sealed move} 62. Kc3 Rd3+ 63. Kc4 Ra3 64. Kc5 Rxa4 65. b6 Rb4 66. Ra2 Rb1
67. Rxa5 Be4 68. Rb5 Rc1+ 69. Kd6 Bb7 70. Rc5 Rb1 71. Kc7 Bh1 72. Rc6+ Bxc6 73.
Kxc6 Kf7 74. b7 Ke7 75. Kc7 Rc1+ 76. Kb6 1/2-1/2

[Event "Bugojno"]
[Site "Bugojno"]
[Date "1978.03.05"]
[Round "7"]
[White "Ljubojevic, Ljubomir"]
[Black "Portisch, Lajos"]
[Result "1/2-1/2"]
[WhiteElo "2605"]
[BlackElo "2630"]
[Annotator "Bulletin"]
[PlyCount "69"]
[EventDate "1978.02.27"]
[EventType "tourn"]
[EventRounds "15"]
[EventCountry "YUG"]
[EventCategory "14"]
[SourceTitle "MCL"]
[Source "ChessBase"]
[SourceDate "1999.07.01"]
[SourceVersion "1"]
[SourceVersionDate "1999.07.01"]
[SourceQuality "1"]

1. e4 c6 2. d3 e5 3. g3 (3. Nf3 d6 4. g3 Nf6 5. Bg2 Be7 6. O-O O-O 7. h3 Nbd7
8. Nbd2 Re8 9. a4 Bf8 10. a5 d5 11. Qe2 g6 12. Rd1 Rb8 $10 {Ljubojevic-Bilek,
Bath 1973}) 3... d5 4. Nd2 Nf6 5. Bg2 Bd6 6. Ngf3 O-O 7. O-O Re8 8. Re1 Nbd7 9.
b3 (9. exd5 cxd5 10. Nf1 h6 11. Bd2 a5 12. Ne3 Nb6 $10 {Stein-Barcza, Tallinn
1971}) 9... a5 10. a3 dxe4 11. dxe4 (11. Nxe4 Nxe4 12. Rxe4 Nc5 13. Re1 e4 $10)
11... Qc7 12. Nc4 Bc5 13. Bb2 $6 (13. h3 b5 14. Nb2) 13... Ng4 $1 $15 14. Re2
b5 15. Ncd2 Qb6 16. Qe1 Ba6 17. h3 Ngf6 18. Nf1 b4 19. Rd2 bxa3 20. Bxa3 Bxa3 (
20... Bb4 $1) 21. Rxa3 Nc5 22. Rd1 $1 Bxf1 23. Kxf1 $1 (23. Bxf1 Ncxe4 {/\Nxg3}
) 23... Ncxe4 (23... a4 24. Rda1 Ra6 25. bxa4 Rea8 $15) 24. Rda1 Qc5 (24... h6
25. b4) 25. Rxa5 (25. Qe2 $5 {/\Ra4} Nc3 26. Qc4) 25... Rxa5 26. Rxa5 Qxc2 27.
Rxe5 Rb8 (27... Rd8 $2 28. Qe3 $1 Rd3 $4 29. Qxe4 $1) 28. Nd4 Qd3+ 29. Kg1 Qxd4
30. Bxe4 $1 Rxb3 31. Bxc6 $1 h5 (31... Rxg3+ $2 32. Kh2 $19) 32. Kg2 h4 33. Re3
Rb6 34. Qc3 Qd6 35. Bf3 1/2-1/2

[Event "Montreal International"]
[Site "Montreal"]
[Date "1979.04.13"]
[Round "3"]
[White "Larsen, Bent"]
[Black "Karpov, Anatoly"]
[Result "1/2-1/2"]
[WhiteElo "2620"]
[BlackElo "2705"]
[Annotator "ChessBase"]
[PlyCount "85"]
[EventDate "1979.04.11"]
[EventType "tourn"]
[EventRounds "18"]
[EventCountry "CAN"]
[EventCategory "15"]
[SourceTitle "MCL"]
[Source "ChessBase"]
[SourceDate "1999.07.01"]
[SourceVersion "1"]
[SourceVersionDate "1999.07.01"]
[SourceQuality "1"]

1. e4 c6 2. c4 d5 3. exd5 cxd5 4. cxd5 Nf6 5. Qa4+ Nbd7 6. Nc3 g6 7. d4 (7. g3
Bg7 8. Bg2 O-O 9. Nge2 {Suetin,A-Georgadze,T/Kislovodsk/1972/} Nc5 $5 10. Qc4
b6 11. d4 Ba6 12. Nb5 Rc8 $1) 7... Bg7 8. Qb3 O-O 9. Bg5 Nb6 10. Bxf6 Bxf6 11.
Nf3 Bg7 (11... e6 12. d6 $1 Qxd6 13. Ne4 Qe7 14. Nxf6+ $14 Qxf6 15. Bb5 $5 a6
16. Bd3 Nd5 17. Be4 Nf4 18. O-O {/\g2-g3, Nf3-e5}) 12. Be2 e6 13. dxe6 Bxe6 14.
Qb5 (14. Qd1 Nc4 15. Rb1 Rc8) 14... a6 (14... Bxd4 15. Nxd4 (15. Qa5 $2 Nd5 16.
Qxd8 Rfxd8 17. O-O Rac8) 15... Qxd4 16. Rd1) 15. Qb4 Nd5 16. Qxb7 $5 Rb8 (16...
Qa5 17. O-O Rfb8 18. Qc6) 17. Qxa6 Rxb2 18. Nxd5 Qxd5 19. O-O Ra8 20. Qd3 Raxa2
21. Rxa2 Qxa2 22. Re1 Bf8 23. Bf1 $1 Bb4 (23... Rxf2 24. Be2 $1) 24. Rc1 (24.
Re2 Rxe2 25. Bxe2 Bd5 $1 (25... Qa1+ 26. Bf1 Bd5 27. Qb5 $1 Bxf3 28. Qxb4 Be2
$2 29. Qb8+ Kg7 30. Qe5+ $18) 26. h3 Bxf3 27. Bxf3 Qa1+ 28. Kh2 Qe1 $10) 24...
Rxf2 $5 25. d5 $1 Rxf1+ $1 (25... Bxd5 26. Qd4 {/\Qf2,Rc8}) (25... Bf5 26. Qd4
Rb2 27. d6) (25... Qa7 26. Qd4 Qxd4 27. Nxd4 Rxf1+ 28. Kxf1 Bxd5) 26. Qxf1 Qxd5
27. Kh1 Be7 28. Rd1 Qb7 29. Rb1 Qa7 30. Ra1 Qc5 31. Nd2 Kg7 32. Re1 Qd4 33. Qe2
Bf6 34. Ne4 Bh4 35. Rd1 Qe5 36. Qf3 h5 37. Qc3 Qxc3 38. Nxc3 Bf6 39. Ne4 Be5
40. Kg1 Bf5 41. Nc5 Bc7 42. Na6 Bf4 43. Nb4 1/2-1/2

[Event "EU-Cup 30th"]
[Site "Bilbao"]
[Date "2014.09.20"]
[Round "7.3"]
[White "Harikrishna, Pentala"]
[Black "Dreev, Alexey"]
[Result "1-0"]
[WhiteElo "2725"]
[BlackElo "2662"]
[Annotator "Harikrishna,P"]
[PlyCount "99"]
[EventDate "2014.09.14"]
[EventType "team-swiss"]
[EventRounds "7"]
[EventCountry "ESP"]
[SourceTitle "CBM 163"]
[Source "ChessBase"]
[SourceDate "2014.11.11"]
[SourceVersion "1"]
[SourceVersionDate "2014.11.11"]
[SourceQuality "1"]
[WhiteTeam "Novy Bor"]
[BlackTeam "SHSM-64"]
[WhiteTeamCountry "CZE"]
[BlackTeamCountry "RUS"]

{This match was crucial for the silver and bronze medals. Novy Bor and Shsm
from Moscow were in 2nd place before the last round.} 1. e4 c6 {GM Dreev plays
Sicilian also sometimes. However in this crucial match he sticks to his
favourite Caro-Kann which has served him well for many years.} 2. Nf3 d5 3.
exd5 cxd5 4. Ne5 $5 {Here we go! This is relatively rare variation. GM Dreev
has faced this variation, but only in rapid or blitz. So I decided to check
what he had prepared for the variation.} Nc6 5. d4 a6 (5... Nxe5 6. dxe5 e6 7.
Bd3 Ne7 8. O-O Qc7 9. Re1 Nc6 10. Bf4 {I prefer White's position as he is
ahead in development.}) (5... Nf6 6. Bb5 Bd7 7. Nxd7 Qxd7 8. c3 {This is the
whole idea of this line. To get the advantage of the two bishops and put
pressure on Black slowly. Although Black is not worse by any means.}) 6. c4 Nf6
(6... Nxe5 7. dxe5 e6 8. cxd5 Ne7 9. Be2 Nxd5 10. O-O {For computers it is
equal. I think the position is unclear and I would prefer to play White in
this position.}) 7. Nc3 Nxe5 (7... e6 8. Nxc6 bxc6 9. c5 Qc7 10. Bd3 e5 11. O-O
$14) 8. dxe5 d4 9. exf6 dxc3 10. Qxd8+ Kxd8 11. bxc3 (11. fxe7+ Bxe7 12. bxc3
Bf6 13. Kd2 Be6 $11) 11... exf6 {Until this point it is forced after 7...Ne5.}
(11... gxf6 12. Rb1 Rg8 13. Be3 e5 14. Be2 Rxg2 15. Bf3 $40) 12. Be3 {
Important move stopping Black's ...Bc5. If Black manages to develop the bishop
to c5, he gains the upper hand.} Bf5 13. Be2 Kc7 14. O-O Re8 $1 15. Rfd1 {
I spent a lot of time here deciding to play 15.Rfe1 or 15.Rfd1. I should have
played Rfe1 and stop Black from simplifying the position.} (15. Rfe1 Bd6 16. c5
Be5 17. Rac1 g5 18. Bf3 h5 19. Bd5 Bg6 20. g3 $13 {The position remains
unclear.}) 15... Bc5 16. Bxc5 (16. Bf4+ Kb6 $15) 16... Rxe2 17. Bd6+ Kc6 (17...
Kc8 {For a computer this move is natural! But for a human to let the bishop
come to b6 is not natural!} 18. Bc5 Rhe8 19. h3 (19. Bb6 Bc2 $1) 19... Rb2 20.
a4 Ree2 21. a5 Be6 22. Bb6 Red2 $15) 18. Bf4 Rhe8 (18... Be6 $5 {The
computer's suggestion. It is not easy for a human to make this move.} 19. Rd6+
Kc5) 19. Kf1 Bc2 {Dreev missed my 21st move I think. It is time for him to
realise the danger and play 19...R8e6.} (19... R8e6 20. Rd5 R2e4 21. Rxf5 g6)
20. Rd6+ Kc5 21. Rd7 Kxc4 (21... R2e4 $1 {After I played 21.Rd7 I considered
my position to be much better. Although according to Houdini the simple move
21...R2e4 is fine for Black!!}) 22. Be3 R8xe3 $8 (22... R2xe3 23. fxe3) (22...
Bd3 23. Rd4+ Kxc3 24. Rxd3+ Kxd3 25. Rd1+ $18) 23. fxe3 Bd3 24. Kg1 $8 Kxc3 25.
Rxb7 {This position is critical. Black has to play accurately to survive here.
In time pressure my opponent decided to exchange as many pieces as possible
and to build a fortress with his bishop. However, things are not clear as you
will see in the game. I think 25...g5 should be played and Black's rook is
much more active than White's rook!!} Rxg2+ (25... g5 26. Rc1+ (26. Rxf7) 26...
Kd2 27. Rf1 Rxe3 28. Rf2+ Kd1 $14 {things are far from over.}) 26. Kxg2 Be4+
27. Kf2 Bxb7 28. Rg1 $2 {This fancy looking move is a mistake. The idea is
right but the execution of the move order is wrong. 28.Rd1 should be played.} (
28. Rd1 $1 Kc4 (28... Be4 29. Rd7 Kb2 30. Rxf7 Kxa2 31. Rxg7 Kb3 32. Ra7 Bd3
33. e4 Bxe4 34. Rxa6 Kc4 35. Ke3) 29. Rg1 $1 g6 30. Rb1 Be4 31. Rb6 a5 32. Rxf6
{we transpose into the position of the game!}) 28... g6 $2 {Black returns the
favour. Dreev was playing with only seconds. So it is not possible to
calculate the entire variation starting with 28...Bd5.} (28... Bd5 $1 29. Rxg7
Bxa2 30. Rxh7 a5 31. Rh8 a4 32. Ra8 Kb4 33. h4 Bd5 {Black escapes with a draw.}
) 29. Rd1 Kc4 30. Rd6 a5 31. Rb6 Be4 (31... Bd5 32. a4 $1) 32. Rxf6 Bd5 33.
Rf4+ Kc5 34. a3 f5 (34... Be6 35. Rd4 Bd5 36. Kg3 Be6 37. Kf4 $18) 35. Rh4 (35.
Rd4 g5) 35... Bg8 (35... h5 36. Ra4 Kb5 37. Rd4 Bf7 38. h4 $1 $18) 36. Kg3 {
The remaining moves are not so important. White is clearly winning.} Kb5 37.
Rd4 g5 38. e4 fxe4 (38... Kc5 39. Rd8 $18) 39. Rxe4 h6 40. Kg4 Bf7 41. Re7 Bb3
42. Re5+ Ka4 43. Kh5 g4 44. Kxh6 Bd1 45. Kg5 Bf3 46. Kf5 Kxa3 47. Rxa5+ Kb4 48.
Re5 Kc4 49. Kf4 Kd4 {Setting up a last trap!} 50. Re1 {Black resigned.  At
this point I noticed that David was out of danger on the 2nd board and Radek
had also saved his game on Board 1. Finally we won 4.5-1.5 and secured silver
medal. This is the first time I had represented Novy Bor in the European Club
Cup and I was happy to win the silver medal in the team competition and win
gold on Board 3.} (50. h3 $2 gxh3 $11) 1-0

[Event "Donner Memorial"]
[Site "Amsterdam"]
[Date "1995.??.??"]
[Round "7"]
[White "Morozevich, Alexander"]
[Black "Seirawan, Yasser"]
[Result "0-1"]
[WhiteElo "2630"]
[BlackElo "2625"]
[Annotator "Horn,Pe"]
[PlyCount "121"]
[EventDate "1995.08.??"]
[EventType "tourn"]
[EventRounds "11"]
[EventCountry "NED"]
[EventCategory "16"]
[SourceTitle "CBM 049"]
[Source "ChessBase"]
[SourceDate "1995.12.01"]
[SourceVersion "1"]
[SourceVersionDate "1995.12.01"]
[SourceQuality "1"]

1. e4 c6 2. d3 d5 3. Nd2 e5 4. Ngf3 Bd6 5. g3 Nf6 6. Bg2 O-O 7. O-O Nbd7 (7...
Re8) 8. Qe2 {Chigorin's influence ? This move restricts white's possibilities
in the centre (d3-d4) and on the Q's side (e4xd5 /\ c2-c4); so it restricts
him to play on the K's side.} (8. h3) (8. Re1 {The usual move.}) 8... Re8 9.
Rd1 {White would be happy, if black would exchange on e4.} a5 {... but black
is not cooperative.} 10. Nf1 Nf8 $146 (10... Bf8) 11. c3 {White's intentions
in the centre are defensive at this moment. Any exchange or advance on his
side would only help black (to say the least).} Ng6 12. h4 {[%cal Rh4h5,Rh5h6]}
(12. Ne3 $5 {[%cal Ye3f5]} dxe4 $6 13. dxe4 Nxe4 14. Nc4 $44) 12... h6 {
Essential: h5-h6 is not allowed.} 13. N3h2 Be6 14. Qf3 Bc5 15. Ne3 {/\ Nf5,Ng4}
Qc8 16. Bf1 (16. Nf5 Bxf5 17. Qxf5 (17. exf5 $2 e4) 17... Qxf5 18. exf5 Ne7 19.
g4 (19. Bh3 d4 20. Nf3 Rad8) 19... h5 20. g5 Ng4 $1 21. Nxg4 hxg4 22. f6 (22.
d4 exd4 23. cxd4 Ba7 24. f6 gxf6 25. gxf6 Nf5 $19) 22... gxf6 23. gxf6 Nf5 $19)
(16. a4 dxe4 17. dxe4 Bb3 18. Re1 b5) 16... a4 17. Be2 b5 18. Ng2 $2 (18. Nhg4
Nxg4 19. Nxg4) (18. h5 Nf8 19. g4 N8h7 20. Nf5) 18... h5 $1 19. Ne3 (19. Bg5 $2
Ng4) 19... Bb6 20. Nef1 d4 $17 {Black has won the opening battle: he controls
the whole board, especially the Q's wing. By this logical advance he is going
to convert his advantage.} 21. Rd2 $2 (21. a3 Ng4 22. cxd4 Bxd4 $17) (21. c4 $5
$17) 21... a3 $19 22. Rc2 Nf8 {No need to hurry.} 23. Qg2 (23. bxa3 dxc3 24.
Ne3 Bd4 25. Nd1 Ng4 $19) 23... Ng4 24. Nxg4 hxg4 25. Kh1 Nh7 26. f3 gxf3 27.
Bxf3 Qd7 28. Be2 axb2 29. Bxb2 Bxa2 30. cxd4 exd4 31. Bf3 $6 (31. Bxd4 Bxd4 32.
Raxa2 b4 $19) 31... Bb3 32. Rcc1 Rxa1 33. Rxa1 c5 34. Nd2 Bc2 35. e5 Rxe5 36.
Bc6 Qe6 37. Ra8+ Nf8 38. Re8 Qxe8 39. Bxe8 Rxe8 40. Qc6 Re1+ 41. Kh2 Re2+ 42.
Kh3 Rxd2 43. Qxb6 Bxd3 44. Bc1 Bf1+ 45. Kg4 Rf2 46. Qd8 Be2+ 47. Kh3 Bf1+ 48.
Kg4 Be2+ 49. Kh3 f5 50. h5 Bxh5 51. Kh4 Bf7 52. g4 fxg4 53. Bg5 Re2 54. Kxg4
Re4+ 55. Kg3 Re8 56. Qb6 Ne6 57. Bf4 b4 58. Bd6 d3 59. Qb5 d2 60. Qd3 Ng5 61.
Bf4 0-1

[Event "Linares 10th"]
[Site "Linares"]
[Date "1992.??.??"]
[Round "1"]
[White "Ljubojevic, Ljubomir"]
[Black "Karpov, Anatoly"]
[Result "0-1"]
[WhiteElo "2610"]
[BlackElo "2725"]
[Annotator "Horn,Pe"]
[PlyCount "120"]
[EventDate "1992.02.??"]
[EventType "tourn"]
[EventRounds "13"]
[EventCountry "ESP"]
[EventCategory "17"]
[SourceTitle "CBM 028"]
[Source "ChessBase"]
[SourceDate "1992.06.01"]
[SourceVersion "1"]
[SourceVersionDate "1992.06.01"]
[SourceQuality "1"]

1. e4 c6 2. d3 d5 3. Nd2 e5 4. Ngf3 Bd6 5. Qe2 Nf6 6. g3 O-O 7. Bg2 Re8 8. O-O
a5 9. a3 a4 10. b4 $6 {Nicht Weiss, sondern Schwarz erhält nun aktives Spiel
am Damenflügel.} axb3 11. cxb3 Bg4 12. Bb2 Nbd7 13. h3 Bh5 14. Qe3 d4 $1 15.
Qe1 b5 16. Qc1 Ra6 17. Qc2 Bxf3 18. Bxf3 Qb6 19. Rfc1 Rea8 20. Nb1 Qd8 21. Bd1
Nf8 22. Qe2 Qe7 23. Kg2 Ne6 24. Rc2 Nc5 25. Nd2 Ne6 26. Nb1 h5 27. h4 g6 28.
Bc1 Qd7 29. Rca2 Ng4 30. Qc2 Be7 31. Bf3 Kg7 32. a4 Nf6 33. Bd2 Nc5 34. Be1 Qe6
35. Nd2 R6a7 36. Be2 Na6 37. Nf3 Nb4 38. Bxb4 Bxb4 39. Ng5 Qd7 40. axb5 Rxa2
41. Rxa2 Rxa2 42. Qxa2 cxb5 43. Qa6 Ne8 44. Nf3 f6 45. Ng1 Nd6 46. Qb6 Qb7 $15
47. Qd8 $2 $19 (47. Qxb7+ $1 $15 Nxb7 48. Bd1 Nc5 49. Bc2 $15) 47... Nf7 48.
Qe8 Be7 {Es droht Damenfang durch 49...Nd6} 49. Bxh5 gxh5 50. Nh3 f5 51. f3
fxe4 52. fxe4 b4 53. Nf2 Qc7 54. Kf1 Qd6 55. Kg2 Bd8 56. Nh3 Qg6 57. Kh2 Qg4
58. Qb5 Qe2+ 59. Kg1 Qd1+ 60. Kg2 Qxb3 0-1